000 00580nam a2200193Ia 4500
005 20250923145037.0
008 008 250917s9999 xx 000 0 eng d
037 _aTextual
040 _aDSWL
_beng
_cDSWL
041 _aeng
_2eng
084 _aV2:262.N6P, K5
_qDSWL
245 0 _aPanchayati Raj Perspectives Programs
_cby All India Panchayat Parishad
260 _aNew Delhi
_b All India Panchayat Parishad
_c1965
300 _aviiii,224 p.
365 _aINR
_b5
925 _g5
942 _cTEXL
_hV2:262.N6P, K5
999 _c1446402
_d1446402